[Event "Mechanics' Winter TNM; G/2 d5"]
[Site "San Francisco"]
[Date "2019.02.19"]
[Round "7.27"]
[White "Casares Jr, Nick"]
[Black "Harris, Clarence"]
[Result "1-0"]
[WhiteElo "1600"]
[BlackElo "1469"]
[PlyCount "61"]
[EventDate "2019.??.??"]

1. e4 e5 2. f4 exf4 3. Bc4 Qh4+ 4. Kf1 d6 5. Nc3 Nf6 6. d4 Nc6 7. Nf3 Qg4 8. h3
Qd7 9. Bxf4 Na5 10. Bd3 Be7 11. Kg1 O-O 12. Kh2 Nh5 13. Be3 b6 14. b4 Nc6 15.
a3 Qd8 16. Bf2 Nf4 17. Bc4 Bf6 18. Rf1 Re8 19. Kh1 Ne7 20. Bg3 Nh5 21. Bh2 Be6
22. d5 Bd7 23. e5 dxe5 24. Nxe5 g6 25. g4 Bxe5 26. Bxe5 Ng7 27. Qd2 Kh8 28.
Bxg7+ Kxg7 29. Qd4+ f6 30. Qxf6+ Kh6 31. g5+ 1-0

[Event "Mechanics' Winter TNM; G/2 d5"]
[Site "San Francisco"]
[Date "2019.02.19"]
[Round "7.31"]
[White "Morgan, Jerry"]
[Black "Yun, Andrew"]
[Result "1-0"]
[WhiteElo "1491"]
[BlackElo "1780"]
[Annotator "Winslow,Elliott"]
[PlyCount "51"]
[EventDate "2019.??.??"]

1. f4 c5 2. Nf3 Nc6 3. e4 g6 4. Be2 Bg7 5. O-O e6 6. c3 Nge7 7. Kh1 d5 8. e5 d4
9. cxd4 Nxd4 10. Nc3 O-O 11. Nxd4 cxd4 12. Nb5 d3 13. Bg4 b6 14. Nd6 Bd7 15.
Qf3 a6 16. b3 Bc6 17. Qh3 Qd7 18. Ba3 Rfd8 19. Rac1 Nc8 20. Rc3 Bf8 {[#]} 21.
Nxf7 Kxf7 22. Qxh7+ Bg7 ({At least after} 22... Ke8 {the computer doesn't
announce mate (in 12), but it's pretty dang bad:} 23. Qxg6+ {(any queen move,
really, but this is best)} Qf7 24. Qg5 ({even better than} 24. Qxf7+ Kxf7 25.
Bxf8 {, if that's possible})) 23. f5 exf5 24. Bxf5 Bxg2+ 25. Kxg2 Qd5+ {
now it's faster} 26. Be4+ 1-0

[Event "Mechanics' Winter TNM; G/2 d5"]
[Site "San Francisco"]
[Date "2019.02.19"]
[Round "7.34"]
[White "Cunningham, Charles"]
[Black "Matz, James I"]
[Result "0-1"]
[WhiteElo "1414"]
[BlackElo "1601"]
[Annotator "Winslow,Elliott"]
[PlyCount "31"]
[EventDate "2019.??.??"]

1. e4 c5 2. Bc4 g6 3. Qf3 e6 4. Qc3 Nf6 5. d3 Bg7 6. Qb3 O-O 7. Nf3 Nc6 8. Bf4
d5 9. exd5 exd5 10. Bb5 Re8+ 11. Kd1 Bg4 12. Bxc6 bxc6 13. d4 cxd4 14. Kc1 Ne4
15. Nxd4 Bxd4 16. f3 {scores become nonsensical about now... 0-1 33 or so.} 0-1

[Event "Mechanics' Winter TNM; G/2 d5"]
[Site "San Francisco"]
[Date "2019.02.19"]
[Round "7.36"]
[White "Agdamag, Samuel Za"]
[Black "Soffer, Aaron"]
[Result "1-0"]
[WhiteElo "1506"]
[BlackElo "1260"]
[Annotator "Winslow,Elliott"]
[PlyCount "69"]
[EventDate "2019.??.??"]

1. Nf3 Nc6 2. c4 e6 3. g3 d5 4. b3 Nf6 5. e3 Bd6 6. Bg2 e5 7. cxd5 Nxd5 8. O-O
O-O 9. Bb2 Re8 10. Na3 Ndb4 11. d4 Bf5 12. Ne1 e4 13. Nc4 Nd3 14. Nxd3 exd3 15.
a3 Rb8 16. Re1 Ne7 $4 17. e4 Bg6 18. e5 Nf5 19. exd6 Nxd6 20. Ne5 Bf5 21. Nxd3
b6 22. Ne5 Bd7 23. Rc1 Qg5 24. Nxd7 Rbd8 25. Bc6 Re7 26. Rxe7 Qxe7 27. Ne5 f6
28. Nd3 Kh8 29. Qh5 g6 30. Qg4 Nf7 31. Re1 Qf8 32. d5 Nh6 33. Qe6 Rd6 34. Qh3
Rd8 35. Nf4 1-0

[Event "Mechanics' Winter TNM; G/2 d5"]
[Site "San Francisco"]
[Date "2019.02.19"]
[Round "7.38"]
[White "Thibault, William"]
[Black "Baer, Michael A"]
[Result "0-1"]
[WhiteElo "1052"]
[BlackElo "1488"]
[Annotator "Winslow,Elliott"]
[PlyCount "36"]
[EventDate "2019.??.??"]

{[%evp 0,21,26,10,50,-42,8,-60,38,-72,-32,-35,0,-12,17,18,29,-11,43,58,55,43,
143,-13]} 1. e4 e5 2. f4 d5 (2... exf4 3. Nf3 d5 4. Nc3 dxe4 5. Nxe4) 3. Nc3 $6
(3. exd5 e4 (3... exf4) (3... c6 $5)) 3... dxe4 (3... Nf6 {has been played 27
times, whereupon thre are over 6000 games. (Transposition to the Vienna Game,
or Gambit, or whatever it's called)}) (3... exf4 $5) 4. Nxe4 ({I like} 4. fxe5
{, if only because,} {after} Qh4+ 5. g3 {, Black can't play ...Qxe4+ and win
the rook!}) 4... exf4 5. Nf3 {Transposed into a suspect line against the old
"Modern" Defense (see 2...exf4 above)} Be7 $6 (5... Bf5) (5... Nf6) 6. d4 Nf6
7. Nxf6+ Bxf6 8. Qe2+ Be7 9. Bxf4 O-O 10. O-O-O $14 Nd7 $2 (10... Be6) (10...
Bd6) 11. g4 $2 {Yes, opposite sides castling. No, no "hook" (a pawn on h6 for
example). But it misses something a whole lot better:} (11. Bxc7 $1 $18 {
Damned computers!}) 11... Nf6 (11... Nb6) 12. Ne5 Nd5 13. Qd2 $4 (13. Bd2)
13... Nxf4 14. Kb1 (14. Qxf4 $4 Bg5) 14... Ng6 15. Bc4 Nxe5 16. dxe5 Qxd2 17.
Rxd2 Bxg4 18. Re1 Rad8 0-1

[Event "Mechanics' Winter TNM; G/2 d5"]
[Site "San Francisco"]
[Date "2019.02.19"]
[Round "7.40"]
[White "Cendejas, Jon"]
[Black "Capdeville, Barry"]
[Result "0-1"]
[WhiteElo "952"]
[BlackElo "1219"]
[Annotator "Winslow,Elliott"]
[PlyCount "68"]
[EventDate "2019.??.??"]

1. e4 e5 2. Nf3 Nf6 3. Nc3 d6 4. h3 Be7 5. Bc4 O-O 6. d3 Re8 7. Be3 Nbd7 8. d4
exd4 9. Qxd4 Nf8 10. O-O-O Ne6 11. Qd2 c6 12. a3 b5 13. Ba2 a5 14. Ng5 Nxg5 15.
Bxg5 b4 16. Nb1 Nxe4 17. Bxe7 Rxe7 18. Qd4 c5 19. Qd5 Raa7 20. Rhf1 Bb7 21. Qb3
a4 22. Qd3 Ba6 23. Bc4 Bxc4 24. Qxc4 b3 25. cxb3 axb3 26. Qxb3 Rab7 27. Qc2 d5
28. Nc3 Nxc3 29. Qxc3 d4 30. Qxc5 $4 Rec7 31. Qxc7 Rxc7+ 32. Kb1 d3 33. Rfe1 g6
34. Rd2 Rc2 0-1

[Event "Mechanics' Winter TNM; G/2 d5"]
[Site "San Francisco"]
[Date "2019.02.19"]
[Round "7.41"]
[White "James, Charles"]
[Black "Soffer, Josiah"]
[Result "1-0"]
[WhiteElo "1419"]
[BlackElo "799"]
[Annotator "Winslow,Elliott"]
[PlyCount "67"]
[EventDate "2019.??.??"]

1. d4 d5 2. c4 Nf6 $6 3. cxd5 Nxd5 4. e4 (4. Nf3) 4... Nf6 5. Nc3 (5. e5 $5)
5... Nc6 6. Nf3 Bg4 7. Be3 e6 8. Be2 Bb4 9. O-O O-O 10. Rc1 Re8 11. Qc2 Bd6 $4
12. e5 Bxe5 13. dxe5 Nxe5 14. Nxe5 Bxe2 15. Nxe2 Qd6 16. f4 Rad8 17. Rcd1 Nd5
18. Bc5 Qa6 19. a3 f6 20. Nd3 Qc6 21. b4 Qd7 22. Nc3 b6 23. Bf2 Re7 24. Nxd5
Qxd5 25. Ne5 Qa8 26. Rxd8+ Qxd8 27. Nc6 Qd7 28. Rd1 Qe8 29. Rd8 Kh8 30. Rxe8+
Rxe8 31. Nxa7 Ra8 32. Qxc7 h5 33. Nb5 Rxa3 34. Qd8+ 1-0